| 000 | 00626nam a2200205 a 4500 | ||
|---|---|---|---|
| 005 | 20240911064552.0 | ||
| 008 | 991125s1985 mad 000 0 spa u | ||
| 020 | _a8475226264 | ||
| 035 | _aUPN01000008358 | ||
| 049 | _aCG | ||
| 050 | 4 |
_aHM201 _bL3.48 |
|
| 100 | 1 | _aLautrey, Jacques | |
| 245 | 1 | 0 |
_aClase social, medio familiar e inteligencia / _cJacques Lautrey ; tr. Rosana Royo. |
| 260 |
_aMadrid : _bVisor, _c1985. |
||
| 300 |
_a216 p. : _bil. |
||
| 440 | 0 |
_aAprendizaje ; _v26 |
|
| 650 | 7 |
_aClases sociales _2 _96922 |
|
| 650 | 4 |
_aFAMILIA - _xASPECTOS SOCIALES - _vDISCURSOS, ENSAYOS, CONFERENCIAS, ETC. |
|
| 905 | _aLibro | ||
| 999 |
_c8358 _d8358 |
||